O demografickej budúcnosti Európy

Najnovšie demografické informácie o Eúropskej únii za rok 2010. Informácie o najdôležitejších častiach Uznesenia Eúropského parlamentu z 21. februára 2008 o demografickej budúcnosti Eúropy vrátane jednotlivých výziev v oblasti ľudských zdrojov, solidarity medzi generáciami a regiónmi a v oblasti int...

Ausführliche Beschreibung

Gespeichert in:
Bibliographische Detailangaben
1. Verfasser: Olexa, Milan
Format: Buchkapitel
Sprache:Slowakisch
Schlagworte:
Tags: Tag hinzufügen
Keine Tags, Fügen Sie das erste Tag hinzu!

MARC

LEADER 00000nla$a2200000$$$4500
001 0145702
005 20240502072629.4
041 0 |a slo 
044 |a SK 
245 1 0 |a O demografickej budúcnosti Európy  |c Milan Olexa 
520 |a Najnovšie demografické informácie o Eúropskej únii za rok 2010. Informácie o najdôležitejších častiach Uznesenia Eúropského parlamentu z 21. februára 2008 o demografickej budúcnosti Eúropy vrátane jednotlivých výziev v oblasti ľudských zdrojov, solidarity medzi generáciami a regiónmi a v oblasti integrácie prisťahovalcov. 
610 2 0 |a demografia 
610 2 0 |a populácia 
610 2 0 |a vývoj 
610 2 0 |a migrácia 
610 2 0 |a integrácia 
610 2 0 |a Európa 
100 1 |a Olexa, Milan